The political ideas of Stendhal / (Record no. 26076)
[ view plain ]
| 000 -LEADER | |
|---|---|
| fixed length control field | 00725cam a2200241u 4500 |
| 001 - CONTROL NUMBER | |
| control field | 26076 |
| 003 - CONTROL NUMBER IDENTIFIER | |
| rucl marc code | BD-RjUL |
| 005 - DATE AND TIME OF LATEST TRANSACTION | |
| control field | 20211209050952.0 |
| 008 - FIXED-LENGTH DATA ELEMENTS--GENERAL INFORMATION | |
| fixed length control field | 140320s1933 nyu 000 0 eng |
| 035 ## - SYSTEM CONTROL NUMBER | |
| System control number | (BD-RjUL)26146 |
| 040 ## - CATALOGING SOURCE | |
| Original cataloging agency | DLC |
| Transcribing agency | CarP |
| Modifying agency | DLC |
| Language of cataloging | eng |
| 041 ## - LANGUAGE CODE | |
| Language code of text/sound track or separate title | eng |
| 082 ## - DEWEY DECIMAL CLASSIFICATION NUMBER | |
| Classification number | 945.092 |
| Author mark and year | BRP 1933 |
| 100 1# - MAIN ENTRY--PERSONAL NAME | |
| Personal name | Brussaly, Manuel, |
| Dates associated with a name | 1898-1976. |
| 9 (RLIN) | 80132 |
| 245 14 - TITLE STATEMENT | |
| Title | The political ideas of Stendhal / |
| Statement of responsibility, etc. | Manuel Brussaly |
| 260 ## - PUBLICATION, DISTRIBUTION, ETC. (IMPRINT) | |
| Place of publication, distribution, etc. | New York : |
| Date of publication, distribution, etc. | 1933 |
| Name of publisher, distributor, etc. | Russel & russel, |
| 300 ## - PHYSICAL DESCRIPTION | |
| Pagination | 1 p.l., v-xiii, 233 p. ; |
| Size | 21 cm. |
| 600 10 - SUBJECT ADDED ENTRY--PERSONAL NAME | |
| Personal name | Stendhal, |
| Dates associated with a name | 1783-1842. |
| 650 #0 - SUBJECT ADDED ENTRY--TOPICAL TERM | |
| Topical term or geographic name as entry element | Political science |
| General subdivision | Literary history. [from old catalog] |
| 9 (RLIN) | 80134 |
| 942 ## - ADDED ENTRY ELEMENTS (KOHA) | |
| Source of classification or shelving scheme | Dewey Decimal Classification |
| Koha item type | Books |
| Lost status | Source of classification or shelving scheme | Damaged status | Not for loan | Collection code | Permanent Location | Current Location | Shelving location | Date acquired | Source of acquisition | Cost, normal purchase price | Total Checkouts | Full call number | Date last seen | Copy number | Koha item type |
|---|---|---|---|---|---|---|---|---|---|---|---|---|---|---|---|
| Dewey Decimal Classification | Added to bundle | Non-fiction | Central Library, University of Rajshahi | Central Library, University of Rajshahi | Reading Room | 19/11/1985 | N/A | 0.00 | 945.092 BRP 1933 | 20/03/2014 | C-1 | Books |